[Event "Challenge"]
[Site "http://www.queenalice.com/game.php?id=1487166"]
[Date "2017.7.24"]
[Round "-"]
[White "Franzel"]
[Black "adelio"]
[Result "1-0"]
[WhiteElo "2486"]
[BlackElo "1254"]

1. e4 a6 2. d4 c5 3. Nf3 e6 4. Be2 Be7 5. O-O h5 6. Nc3 h4 7. h3 g6 8. Be3 Nc6
9. dxc5 d6 10. cxd6 Bxd6 11. Bg5 Be7 12. Qxd8+ Bxd8 13. Bxd8 Kxd8 14. e5 Nge7
15. Ne4 Kc7 16. c4 b6 17. Nd6 Rf8 18. Rad1 Nf5 19. Rd2 1-0

[Event "Challenge"]
[Site "http://www.queenalice.com/game.php?id=1487372"]
[Date "2017.7.24"]
[Round "-"]
[White "adelio"]
[Black "Franzel"]
[Result "0-1"]
[WhiteElo "1308"]
[BlackElo "2485"]

1. Nf3 c5 2. c4 Nf6 3. Nc3 d6 4. d3 Nc6 5. Nd5 e5 6. Ng5 Be7 7. Nxf7 Kxf7 8.
Nxf6 Bxf6 9. e3 Re8 10. Be2 Be6 11. g3 d5 12. h4 e4 13. h5 dxc4 14. dxc4 Qxd1+
15. Kxd1 Ne5 16. b3 Ng4 17. Ke1 Bxa1 18. f3 Nf6 19. f4 Bg4 0-1

[Event "Challenge"]
[Site "http://www.queenalice.com/game.php?id=1491124"]
[Date "2017.8.22"]
[Round "-"]
[White "waldi"]
[Black "Franzel"]
[Result "0-1"]
[WhiteElo "1786"]
[BlackElo "2487"]

1. g3 c5 2. c4 Nc6 3. Bg2 e5 4. Nc3 d6 5. Nf3 f5 6. O-O Nf6 7. d3 Be7 8. Ne1 O-O
9. h4 Bd7 10. Nd5 Re8 11. Nxe7+ Qxe7 12. Bg5 h6 13. Bd2 e4 14. Bc3 Ne5 15. f4
exf3 16. exf3 Bc6 17. Nc2 d5 18. cxd5 Nxd5 19. Bxe5 Qxe5 20. f4 Qxb2 21. Rf2 Qf6
0-1

[Event "AUTO-OPEN-3804"]
[Site "http://www.queenalice.com/game.php?id=1507690"]
[Date "2017.12.12"]
[Round "2"]
[White "Suso71"]
[Black "Franzel"]
[Result "0-1"]
[WhiteElo "2589"]
[BlackElo "2504"]

1. d4 d5 2. c4 e6 3. Nc3 Nf6 4. Nf3 c5 5. cxd5 Nxd5 6. e4 Nxc3 7. bxc3 Qc7 8.
Be2 Be7 9. g3 O-O 10. O-O Rd8 11. Re1 Nd7 12. Bf4 Qa5 13. Qc2 Nb6 14. Rad1 Bd7
15. Qb1 Bc6 16. Bc7 Rd7 17. Bxb6 axb6 18. d5 exd5 19. Ne5 Rd6 0-1

[Event "AUTO-OPEN-3804"]
[Site "http://www.queenalice.com/game.php?id=1507691"]
[Date "2017.12.12"]
[Round "2"]
[White "Franzel"]
[Black "Suso71"]
[Result "1-0"]
[WhiteElo "2494"]
[BlackElo "2599"]

1. c4 e5 2. Nc3 Nf6 3. g3 d5 4. cxd5 Nxd5 5. Bg2 Nb6 6. d3 Be7 7. Nf3 Nc6 8. O-O
Bg4 9. Be3 Qd7 10. Rc1 Rd8 11. Nd2 O-O 12. Re1 Bh3 13. Bh1 Nd4 14. Nf3 Nxf3+ 15.
Bxf3 c6 16. Qc2 Be6 17. Ne4 Nd5 18. Bg5 f6 19. Bd2 Nc7 20. Bg2 1-0

[Event "AUTO-ELITE-1929"]
[Site "http://www.queenalice.com/game.php?id=1513149"]
[Date "2018.1.24"]
[Round "1"]
[White "manasses"]
[Black "Franzel"]
[Result "1/2-1/2"]
[WhiteElo "2177"]
[BlackElo "2518"]

1. d4 Nf6 2. c4 e6 3. Nc3 Bb4 4. e3 O-O 5. Bd3 d5 6. Nf3 c5 7. O-O Nc6 8. a3
Bxc3 9. bxc3 Qe7 10. a4 b6 11. Ba3 dxc4 12. Bxc4 Bb7 13. Nd2 Rfd8 14. Qc2 Qc7
15. Rac1 Na5 16. Be2 Rac8 17. dxc5 bxc5 18. Rfd1 Qc6 19. Bf3 Qa6 20. Rb1 Bxf3
21. Nxf3 Qc4 1/2-1/2

[Event "AUTO-ELITE-1929"]
[Site "http://www.queenalice.com/game.php?id=1513150"]
[Date "2018.1.24"]
[Round "1"]
[White "Franzel"]
[Black "manasses"]
[Result "1/2-1/2"]
[WhiteElo "2511"]
[BlackElo "2187"]

1. e4 c5 2. Nf3 e6 3. d4 cxd4 4. Nxd4 a6 5. c4 Nf6 6. f3 Bc5 7. Nc3 O-O 8. Be3
d6 9. Qd2 Qc7 10. O-O-O Nc6 11. g4 Ne5 12. Be2 Rd8 13. Rhg1 Bd7 14. g5 Ne8 15.
f4 Nc6 16. Nc2 Ne7 17. h4 Bxe3 18. Qxe3 Rac8 19. h5 b5 20. h6 Ng6 21. Rdf1 Qc5
22. Qxc5 1/2-1/2

[Event "AUTO-ELITE-1929"]
[Site "http://www.queenalice.com/game.php?id=1513157"]
[Date "2018.1.24"]
[Round "1"]
[White "Franzel"]
[Black "bobjgirl"]
[Result "1-0"]
[WhiteElo "2488"]
[BlackElo "2382"]

1. e4 d6 2. d4 Nf6 3. Nc3 e5 4. f4 exd4 5. Qxd4 Be7 6. Nf3 O-O 7. Be3 Bg4 8.
O-O-O a6 9. h3 c5 10. Qd2 Bxf3 11. gxf3 Nc6 12. Qg2 Qa5 13. Rg1 Ne8 14. Bc4 Rd8
15. Nd5 b5 16. f5 g6 17. fxg6 hxg6 18. Bd2 b4 19. Nf4 1-0

[Event "AUTO-ELITE-1929"]
[Site "http://www.queenalice.com/game.php?id=1513158"]
[Date "2018.1.24"]
[Round "1"]
[White "bobjgirl"]
[Black "Franzel"]
[Result "0-1"]
[WhiteElo "2313"]
[BlackElo "2514"]

1. d3 g6 2. Nc3 Bg7 3. e4 c5 4. f4 Nc6 5. Nf3 d6 6. Be2 e5 7. O-O Nge7 8. Qe1
O-O 9. a3 a6 10. Rb1 f5 11. fxe5 Nxe5 12. Bg5 Nf7 13. Bh4 Qc7 14. Kh1 b5 15. Ng5
Ne5 16. exf5 Bxf5 17. Nf3 N5c6 18. Qd2 Rae8 19. Ng5 Nd4 20. Rbe1 Nec6 21. Nd5
Qb7 22. Bd1 Rxe1 23. Rxe1 Ne5 24. Nf4 h6 25. Ngh3 c4 26. Bf2 Nxc2 27. Bxc2 cxd3
28. Bb3+ Nc4 29. Ng1 Kh7 30. Bxc4 bxc4 31. Nf3 Qxb2 32. Qxb2 Bxb2 33. Re7+ Kg8
34. Rc7 c3 35. Be3 Re8 36. Nd5 Rxe3 37. Nxe3 c2 38. Nxf5 gxf5 0-1

[Event "AUTO-ELITE-1929"]
[Site "http://www.queenalice.com/game.php?id=1525065"]
[Date "2018.4.26"]
[Round "2"]
[White "Franzel"]
[Black "Kuarwaki"]
[Result "0-1"]
[WhiteElo "2501"]
[BlackElo "2735"]

1. e4 c5 2. Nf3 d6 3. Nc3 Nc6 4. d4 cxd4 5. Nxd4 e5 6. Nb3 Nf6 7. Be2 Be7 8. Be3
O-O 9. O-O Be6 10. Bf3 a5 11. Nd5 a4 12. Nd2 b5 13. c3 Bd7 14. Nxe7+ Qxe7 15.
Qe2 Nd8 16. Rfd1 Bc6 17. c4 b4 18. Rac1 Ne6 19. g3 Nd7 20. Bg2 Ndc5 21. Nb1 Rab8
22. f3 g6 23. Qd2 Rfd8 24. Bh3 f6 25. Bxe6+ Nxe6 26. Qe2 f5 27. exf5 gxf5 28.
Kh1 Rb7 29. a3 bxa3 30. bxa3 Rb3 31. Nc3 Rxa3 0-1

[Event "AUTO-ELITE-1929"]
[Site "http://www.queenalice.com/game.php?id=1525066"]
[Date "2018.4.26"]
[Round "2"]
[White "Kuarwaki"]
[Black "Franzel"]
[Result "1-0"]
[WhiteElo "2727"]
[BlackElo "2505"]

1. d4 Nf6 2. c4 c5 3. d5 d6 4. Nc3 g6 5. e4 Bg7 6. h3 O-O 7. Bd3 a6 8. a4 b6 9.
Bg5 e5 10. Nge2 Bb7 11. Qc1 Re8 12. O-O a5 13. Nb5 Na6 14. Ra3 Nb4 15. Bb1 Ba6
16. Rf3 Bxb5 17. axb5 Qe7 18. Qd2 Ra7 19. Rc1 Rea8 20. Rcc3 Qd8 21. h4 h5 22.
Ng3 1-0

[Event "AUTO-OPEN-3804"]
[Site "http://www.queenalice.com/game.php?id=1533120"]
[Date "2018.6.30"]
[Round "3"]
[White "Walbrodt"]
[Black "Franzel"]
[Result "1-0"]
[WhiteElo "2766"]
[BlackElo "2500"]

1. e4 c6 2. d4 d5 3. Nc3 dxe4 4. Nxe4 Bf5 5. Ng3 g6 6. Nxf5 gxf5 7. g3 Bg7 8.
Nf3 e6 9. Bg2 Nf6 10. O-O Nbd7 11. c3 O-O 12. Qc2 Ne4 13. Re1 Re8 14. Bf4 Nef6
15. Rad1 Ne4 16. Ne5 Ndf6 17. a4 a5 18. c4 Qe7 19. f3 Nd6 20. g4 fxg4 21. fxg4
Red8 22. Bg5 Nde8 23. Bh4 Qb4 24. Rf1 1-0

[Event "AUTO-OPEN-3804"]
[Site "http://www.queenalice.com/game.php?id=1533121"]
[Date "2018.6.30"]
[Round "3"]
[White "Franzel"]
[Black "Walbrodt"]
[Result "0-1"]
[WhiteElo "2493"]
[BlackElo "2782"]

1. e4 c5 2. Nf3 d6 3. d4 cxd4 4. Nxd4 Nf6 5. Nc3 a6 6. g3 e5 7. Nb3 Be7 8. Bg2
O-O 9. O-O Be6 10. Re1 Nbd7 11. Qe2 Rc8 12. a4 Qc7 13. a5 Bd8 14. Bd2 Qb8 15.
Red1 Bc4 16. Qf3 h6 17. Be3 Be6 18. h3 Re8 19. Kh2 Kh8 20. Qe2 b5 21. axb6 Bxb6
22. Bxb6 Nxb6 23. Nd2 Nc4 24. Nxc4 Rxc4 25. Na4 Rec8 26. Rd2 Qc7 27. c3 Rb8 28.
f3 a5 29. Qd1 Rc6 30. Ra3 h5 31. h4 Nh7 32. b3 Qe7 33. c4 g5 34. hxg5 Qxg5 35.
Nc3 a4 36. Rxa4 h4 37. gxh4 Qxh4+ 38. Kg1 Rcc8 39. Rxd6 Rg8 40. Rxe6 fxe6 41.
Ra2 Rbd8 42. Qf1 Ng5 0-1

[Event "AUTO-ELITE-2001"]
[Site "http://www.queenalice.com/game.php?id=1533540"]
[Date "2018.7.4"]
[Round "1"]
[White "Franzel"]
[Black "Donidon"]
[Result "1/2-1/2"]
[WhiteElo "2498"]
[BlackElo "2301"]

1. c4 e5 2. Nc3 Nf6 3. d3 d5 4. cxd5 Nxd5 5. g3 c6 6. Bg2 Be6 7. Nf3 Nd7 8. O-O
Bd6 9. Ng5 O-O 10. Nxe6 fxe6 11. Ne4 Be7 12. Bd2 a5 13. a3 Nc5 14. Qc2 Nxe4 15.
dxe4 Nf6 16. Rfd1 Qb6 17. Be3 Qc7 18. f3 Rfe8 19. Rd2 Red8 20. Rad1 Rxd2 21.
Rxd2 Rd8 22. Rxd8+ Qxd8 23. Qc4 Kf7 24. Kf2 Qd7 25. Qc3 1/2-1/2

[Event "AUTO-ELITE-2001"]
[Site "http://www.queenalice.com/game.php?id=1533541"]
[Date "2018.7.4"]
[Round "1"]
[White "Donidon"]
[Black "Franzel"]
[Result "1/2-1/2"]
[WhiteElo "2456"]
[BlackElo "2497"]

1. e4 c5 2. Nf3 g6 3. d4 cxd4 4. Qxd4 Nf6 5. e5 Nc6 6. Qc3 Ne4 7. Qe3 d5 8. exd6
Nxd6 9. Be2 Bg7 10. O-O O-O 11. Na3 a6 12. c3 b5 13. Nc2 Bb7 14. a4 Na5 15. axb5
axb5 16. Rd1 Qc7 17. Qg5 e5 18. Nd2 Rfe8 19. Qh4 e4 20. Ne3 f5 21. b4 Nc6 22.
Rxa8 Bxa8 23. Nd5 Qf7 24. Nb3 Nc4 25. Bg5 N6e5 26. Nf6+ Bxf6 27. Bxf6 Nd3 28.
Bd4 Bd5 29. Nc5 Nxc5 30. bxc5 f4 31. Ra1 f3 32. gxf3 exf3 33. Bf1 Be4 34. Qg5
Qe7 35. h4 Qxg5+ 36. hxg5 Ra8 37. Rxa8+ Bxa8 38. Bh3 Bc6 39. Kh2 Kf7 40. Kg3 Ke7
41. Bc8 Nd2 42. Kf4 Kd8 43. Bg4 Bd7 44. Bxf3 Nxf3 45. Kxf3 Ke7 46. Ke4 Ke6 47.
Be3 Bc6+ 48. Kd4 Bg2 49. c4 bxc4 50. Kxc4 Bb7 51. Kb5 Kd5 52. Kb6 Bc6 53. Kc7
Bb5 54. Kb6 Bc6 1/2-1/2

[Event "AUTO-ELITE-2001"]
[Site "http://www.queenalice.com/game.php?id=1533542"]
[Date "2018.7.4"]
[Round "1"]
[White "Franzel"]
[Black "Alsina"]
[Result "0-1"]
[WhiteElo "2494"]
[BlackElo "2559"]

1. d4 Nf6 2. c4 e6 3. Nf3 d5 4. Nc3 c6 5. e3 Nbd7 6. Bd3 dxc4 7. Bxc4 b5 8. Bd3
Bb7 9. O-O a6 10. e4 c5 11. Bc2 cxd4 12. Nxd4 Rc8 13. a3 Ne5 14. h3 Be7 15. Be3
O-O 16. Qe2 Nc4 17. Rfd1 Nxb2 18. Nxe6 Nxd1 19. Nxd8 Nxc3 20. Qe1 Rfxd8 21. Bb6
Rd6 22. Ba5 Rdc6 23. Bb4 Bd8 0-1

[Event "AUTO-ELITE-2001"]
[Site "http://www.queenalice.com/game.php?id=1533543"]
[Date "2018.7.4"]
[Round "1"]
[White "Alsina"]
[Black "Franzel"]
[Result "1/2-1/2"]
[WhiteElo "2581"]
[BlackElo "2487"]

1. e4 c6 2. d4 d5 3. Nc3 dxe4 4. Nxe4 Bf5 5. Ng3 Bg6 6. h4 h6 7. Nf3 Nd7 8. h5
Bh7 9. Bd3 Bxd3 10. Qxd3 e6 11. Bd2 Ngf6 12. O-O-O Qc7 13. Ne4 O-O-O 14. g3 Nxe4
15. Qxe4 Nf6 16. Qe2 Bd6 17. c4 c5 18. Bc3 Rhe8 19. Kb1 a6 20. Ne5 cxd4 21. Bxd4
Bxe5 22. Bxe5 Qc6 23. f3 Rxd1+ 24. Rxd1 Rd8 1/2-1/2

[Event "AUTO-ELITE-2002"]
[Site "http://www.queenalice.com/game.php?id=1533724"]
[Date "2018.7.6"]
[Round "1"]
[White "nemeth"]
[Black "Franzel"]
[Result "0-1"]
[WhiteElo "2360"]
[BlackElo "2489"]

1. e4 e5 2. Nc3 Nc6 3. Bc4 Bc5 4. Qg4 g6 5. Qg3 d6 6. d3 Nd4 7. Bb3 Be6 8. Nd5
c6 9. Ne3 Nxb3 10. axb3 Qe7 11. Ne2 O-O-O 12. O-O f5 13. f4 fxe4 14. dxe4 Nf6
15. Nc3 Nh5 16. Qg5 Qg7 17. f5 gxf5 18. Qxh5 f4 19. b4 Bd4 20. Ne2 fxe3 21. Nxd4
exd4 22. Rxa7 Rdg8 23. g3 Kb8 24. Ra5 Bg4 25. Qf7 Qxf7 26. Rxf7 Rf8 27. Rf4 Rxf4
28. gxf4 Rf8 29. f5 Rg8 30. Kf1 Bd1 31. c3 e2+ 32. Kf2 dxc3 33. bxc3 Rg2+ 34.
Kxg2 e1=Q 0-1

[Event "AUTO-ELITE-2002"]
[Site "http://www.queenalice.com/game.php?id=1533725"]
[Date "2018.7.6"]
[Round "1"]
[White "Franzel"]
[Black "nemeth"]
[Result "1/2-1/2"]
[WhiteElo "2496"]
[BlackElo "2354"]

1. Nc3 d5 2. d4 Nf6 3. Nf3 Bf5 4. g3 e6 5. Bg2 Bb4 6. O-O O-O 7. Bd2 Nbd7 8. Re1
c5 9. e3 Rc8 10. Rc1 Bg4 11. h3 Bh5 12. g4 Bg6 13. Ne2 Bxd2 14. Nxd2 b5 15. c3
e5 16. f4 exf4 17. Nxf4 Nb6 18. Nf3 Be4 19. Nd2 Re8 20. Nxe4 Nxe4 21. dxc5 Rxc5
22. Bxe4 dxe4 23. Qxd8 Rxd8 24. Rcd1 Rcc8 25. Rd4 Nc4 26. Re2 Re8 27. Kf2 g6 28.
Kg3 a6 29. Nd5 Re6 30. Rxe4 Rxe4 31. Nf6+ Kg7 32. Nxe4 Rd8 33. b3 Nb6 34. Rd2
Rxd2 35. Nxd2 Nd5 36. c4 bxc4 37. bxc4 Nxe3 38. Kf4 Nd1 39. Ke5 Nc3 40. a3 Kf8
41. Ne4 Nxe4 42. Kxe4 Ke7 43. Kd5 f6 44. c5 a5 45. c6 f5 46. gxf5 gxf5 47. Ke5
f4 48. Kxf4 Kd6 49. c7 Kxc7 50. Kg5 Kc6 1/2-1/2

[Event "AUTO-ELITE-2002"]
[Site "http://www.queenalice.com/game.php?id=1533730"]
[Date "2018.7.6"]
[Round "1"]
[White "Franzel"]
[Black "Juuca"]
[Result "1-0"]
[WhiteElo "2497"]
[BlackElo "2264"]

1. d4 Nf6 2. c4 e6 3. Nf3 d5 4. Bg5 Be7 5. e3 O-O 6. Nc3 b6 7. Bd3 Bb7 8. O-O
Ne4 9. Bxe7 Qxe7 10. Qc2 Nxc3 11. Bxh7+ Kh8 12. bxc3 g6 13. Bxg6 fxg6 14. Ne5
Qh7 15. Qxg6 Nc6 16. Qxe6 Nxe5 17. Qxe5+ Qg7 18. cxd5 Qxe5 19. dxe5 Bxd5 20. f4
Rad8 21. h3 c5 22. g4 Kg7 23. f5 Bc6 24. Rad1 Bb5 25. Rfe1 Ba4 26. Rxd8 Rxd8 27.
Kf2 Rd3 28. e6 Kf6 29. h4 Rxc3 30. e4 Rc2+ 31. Kf3 Bc6 32. g5+ 1-0

[Event "AUTO-ELITE-2002"]
[Site "http://www.queenalice.com/game.php?id=1533731"]
[Date "2018.7.6"]
[Round "1"]
[White "Juuca"]
[Black "Franzel"]
[Result "0-1"]
[WhiteElo "2269"]
[BlackElo "2494"]

1. e4 Nc6 2. d4 d5 3. Nc3 Nf6 4. e5 Ne4 5. Nf3 f5 6. exf6 exf6 7. Be2 Bb4 8. Bd2
O-O 9. O-O Re8 10. Nxe4 dxe4 11. Ne1 Bxd2 12. Qxd2 Qxd4 13. Qxd4 Nxd4 14. Bc4+
Be6 15. Bxe6+ Rxe6 16. Rd1 Rd8 17. Rd2 Red6 18. g3 f5 19. c3 Ne6 20. Rxd6 Rxd6
21. f3 Rd2 22. fxe4 fxe4 23. Rf2 e3 24. Rf3 Rxb2 25. Rxe3 Ng5 26. a4 Kf7 27. Nf3
Nxf3+ 28. Rxf3+ Ke6 29. Re3+ Kd6 30. Rd3+ Kc6 31. Rf3 a5 32. Rf7 b5 33. axb5+
Rxb5 34. Rxg7 a4 0-1

[Event "AUTO-ELITE-2002"]
[Site "http://www.queenalice.com/game.php?id=1550438"]
[Date "2018.11.24"]
[Round "2"]
[White "josekasparov"]
[Black "Franzel"]
[Result "1/2-1/2"]
[WhiteElo "2457"]
[BlackElo "2491"]

1. d4 d5 2. c4 e6 3. Nc3 Be7 4. Nf3 Nf6 5. Bg5 O-O 6. e3 h6 7. Bxf6 Bxf6 8. Qc2
g6 9. Bd3 Bg7 10. O-O dxc4 11. Bxc4 Bd7 12. e4 Nc6 13. Rfd1 Qe7 14. a3 a6 15. b4
b5 16. Bb3 a5 17. Nxb5 axb4 18. axb4 Rxa1 19. Rxa1 Rb8 20. Nxc7 Nxd4 21. Nxd4
Bxd4 22. Rd1 Qxb4 23. Qc4 Qxc4 24. Bxc4 e5 25. Nd5 Kg7 26. Be2 f5 27. exf5 gxf5
28. Ne3 Be6 29. Bc4 Bxc4 30. Nxc4 Kf6 1/2-1/2

[Event "AUTO-ELITE-2002"]
[Site "http://www.queenalice.com/game.php?id=1550439"]
[Date "2018.11.24"]
[Round "2"]
[White "Franzel"]
[Black "josekasparov"]
[Result "0-1"]
[WhiteElo "2490"]
[BlackElo "2462"]

1. e4 c5 2. Nf3 d6 3. Bc4 g6 4. c3 Bg7 5. O-O Nf6 6. e5 dxe5 7. Nxe5 O-O 8. d4
Qc7 9. Na3 Nc6 10. Bxf7+ Rxf7 11. Nxf7 Kxf7 12. dxc5 Bf5 13. Nc4 Rd8 14. Qb3 Be6
15. Re1 Na5 16. Nd6+ Qxd6 17. cxd6 Nxb3 18. axb3 a6 19. dxe7 Kxe7 20. b4 Kf7 21.
Ra5 Nd5 22. Rd1 Bf6 23. h3 Be7 24. Ra1 g5 25. Be3 Nxe3 26. Rxd8 Bxd8 27. fxe3
Bb6 28. Kf2 Kf6 29. Rc1 Bc4 30. Rd1 Ke6 31. Kf3 h5 32. e4 Bb3 33. Rd2 h4 34. Rd3
Bc7 35. Rd4 Bf4 36. Rd8 Bc1 37. Rb8 b5 38. Rb6+ Ke5 39. Rxa6 Bxb2 40. Rg6 Bd1+
41. Kf2 Kf4 42. Rc6 Bc2 43. e5 Kxe5 44. Rc5+ Kf4 45. Rxb5 Bxc3 46. Rb8 Bd4+ 47.
Ke2 Be4 48. Rd8 Bc3 49. Rf8+ Ke5 50. b5 Bxg2 51. b6 Ke6 52. Rg8 Bf6 53. Rb8 Be5
54. Rg8 Bf4 55. Kf2 Bd5 56. Kf1 Kf5 57. Re8 Be5 0-1